Brent Cross study (Record no. 85712)

MARC details
000 -LEADER
fixed length control field 00431cam a2200193 4500
001 - CONTROL NUMBER
control field D6610
008 - FIXED-LENGTH DATA ELEMENTS--GENERAL INFORMATION
fixed length control field 090401t1977 xxu||||| |||| 00| 0 eng d
035 ## - SYSTEM CONTROL NUMBER
System control number (Sirsi) u1927
041 ## - LANGUAGE CODE
Language code of text/sound track or separate title eng
050 ## - LIBRARY OF CONGRESS CALL NUMBER
Classification number 711.552
100 ## - MAIN ENTRY--PERSONAL NAME
Personal name Lee, Michael
245 ## - TITLE STATEMENT
Title Brent Cross study
260 ## - PUBLICATION, DISTRIBUTION, ETC.
Place of publication, distribution, etc. London
Name of publisher, distributor, etc. Donaldsons
Date of publication, distribution, etc. 1977
300 ## - PHYSICAL DESCRIPTION
Extent vii. 73p. 29cm
350 ## - PRICE (NR) (BK AM CF MU VM SE) [OBSOLETE]
Price 10
700 ## - ADDED ENTRY--PERSONAL NAME
Personal name Kent, Elizabeth
942 ## - ADDED ENTRY ELEMENTS (KOHA)
Suppress in OPAC 0
948 ## - LOCAL PROCESSING INFORMATION (OCLC); SERIES PART DESIGNATOR (RLIN)
c (OCLC) 04/03/1997
Holdings
Withdrawn status Lost status Source of classification or shelving scheme Damaged status Not for loan Home library Current library Shelving location Date acquired Cost, normal purchase price Total Checkouts Full call number Barcode Date last seen Date last checked out Copy number Cost, replacement price Price effective from Koha item type
    Dewey Decimal Classification     London London Folio 14/09/1999 10.00 4 F711.552 30020638 06/08/2019 25/03/2008 1 10.00 06/08/2019 Book